Statistics for Marvel Movies Quiz

Click here to take the quiz!

General Stats

  • This quiz has been taken 8,492 times
    (8,488 since last reset)
  • The average score is 16 of 32

Answer Stats

YearMovie% Correct
2008Iron Man
95%
1990Captain America
88%
2003Hulk
87%
2010Iron Man 2
87%
2012The Avengers
85%
2011Thor
85%
2002Spider-Man
81%
2004Spider-Man 2
71%
2007Spider-Man 3
69%
2000X-Men
68%
2008The Incredible Hulk
65%
2012The Amazing Spider-Man
57%
2003X2
57%
2011Captain America: The First Avenger
56%
2009X-Men Origins: Wolverine
54%
2005Fantastic Four
53%
2006X-Men: The Last Stand
53%
2003Daredevil
44%
2007Fantastic Four: Rise of the Silver Surfer
39%
2011X-Men: First Class
39%
1998Blade
38%
2007Ghost Rider
32%
2002Blade II
31%
1989The Punisher
31%
2004The Punisher
31%
2004Blade: Trinity
29%
2005Elektra
28%
2012Ghost Rider: Spirit of Vengeance
22%
1986Howard The Duck
22%
2008Punisher: War Zone
16%
1998Nick Fury: Agent of SHIELD
9%
2005Man-Thing
6%

Score Distribution

Percentile by Number Answered

Percent of People with Each Score

Your Score History

You have not taken this quiz since the last reset